01182cam a2200229 450050000500170000004100080001704200070002510000360003270000350006824500700010326000180017350000070019152005270019869000100072569000180073569000090075369000120076269000080077478600610078285600880084399900210093120260322010146.0 afre adc10aBousquet-Jacq, Nathalieeauthor10aCourtabessis, Élodieeauthor00aUtilisation de la Preschool Autism Communication Therapy en camsp c2026.  a62 aLa Preschool Autism Communication Therapy (pact) est un modèle d’intervention auprès des parents, basée sur de la guidance parentale par vidéo feedback. Il est destiné aux enfants porteurs de troubles du spectre de l’autisme diagnostiqués. Il s’agit de permettre au parent et à l’enfant de mieux communiquer grâce à la valorisation et au renforcement des compétences parentales. Nous présentons le contenu et l’intérêt de ce programme ainsi que des exemples de son utilisation en camsp. aCamsp acompétences aPact aparents aTsa0 nContraste | 63 | 1 | 2026-02-16 | p. 173-187 | 1254-768941uhttps://shs.cairn.info/revue-contraste-2026-1-page-173?lang=fr&redirect-ssocas=7080 c1754388d1754388